000 00450nam a2200145Ia 4500
005 20260121165310.0
008 260121s9999 xx 000 0 und d
041 _amar
100 _aतेलंग, विनीता
245 _aस्वतंत्र्यलढा आणि संस्थाने
250 _a1
260 _bभारतीय विचार साधना पुणे
_c2022
300 _a72
650 _aHistory
999 _c369963
_d369963